| 000 | 00540nam a2200193Ia 4500 | ||
|---|---|---|---|
| 005 | 20250326141123.0 | ||
| 008 | 250326s9999 xx 000 0 und d | ||
| 020 | _a0-631-19532-7 | ||
| 037 | _aTextbook | ||
| 040 |
_aFMSL _beng _cFMSL |
||
| 041 |
_aeng _2eng |
||
| 084 |
_aX:74 N6 _qFMSL |
||
| 100 |
_aJackson J _9743757 |
||
| 245 | 0 |
_aIntroduction to business ethics _cJackson J |
|
| 260 |
_aOxford Oxford _bOxford Oxford, Blackwell Business _c1996 |
||
| 300 | _a206p | ||
| 942 |
_cTB _hX:74 N6 |
||
| 999 |
_c1288787 _d1288787 |
||